Les Dones i la política : alcaldesses i regidores de Catalunya / a cura de Núria Albó, Juli Busquets i Rosa Martí ; introducció de Marina Subirats alcaldesses i regidores de Catalunya / a cura de Núria Albó, Juli Busquets i Rosa Martí ; introducció de Marina Subirats
Descripción Física:
273 p. ; 20 cm
Colección:
Polítiques ; 5
Materias:
Dones en la política -- Catalunya
MARC
| LEADER | 00000nam a2200000Ia 4500 | ||
|---|---|---|---|
| 001 | 8432 | ||
| 008 | 160829s1989 xx 000 0 cat d | ||
| 080 | |a M-2-260 | ||
| 245 | |a Les Dones i la política : |b alcaldesses i regidores de Catalunya / a cura de Núria Albó, Juli Busquets i Rosa Martí ; introducció de Marina Subirats | ||
| 260 | |a Barcelona : |b Ed. de la Magrana : |b Edicions 62, |c 1989 | ||
| 300 | |a 273 p. ; |c 20 cm | ||
| 490 | |a Polítiques ; 5 | ||
| 650 | |a Dones en la política |x Catalunya |9 34534 | ||
| 700 | |a Albó, Núria |e editora literària |9 59270 | ||
| 700 | 1 | |a Busquets, Juli |e editor literari |9 34536 | |
| 700 | |a Martí, Rosa, ed. I |9 34537 |e editora literària | ||
| 700 | 1 | |a Subirats, Marina, |d 1943- |e autora del pròleg |9 34553 | |
| 901 | |a Arxiu | ||
| 942 | |n 1 |2 udc | ||
| 952 | |0 0 |1 0 |4 0 |6 M2260 |7 1 |9 46555 |a Arxiu |b Arxiu |d 2016-12-01 |l 0 |o M-2-260 |p 8432 |r 2016-12-01 00:00:00 |w 2016-12-01 |y ARXIU | ||
| 999 | |c 50348 |d 50348 | ||